| 000 | 00644nam a2200205 4500 | ||
|---|---|---|---|
| 003 | CO-ViMGA | ||
| 020 | _a9789583020735 | ||
| 040 |
_aCO-ViMGA _bspa _cCO-ViMGA |
||
| 082 | 0 | 4 |
_a787.87078 _bE54a |
| 100 | 1 |
_aEllis, Jeff. _95711 |
|
| 245 | 1 | 0 |
_aAprenda a tocar guitarra / _cJeff Ellis. |
| 260 |
_aColombia : _bPanamericana, _c2008 |
||
| 300 |
_a192 p. : _bil. , fot. ; 16 cm. |
||
| 500 | _aIncluye glosario e índice. | ||
| 650 | 1 | 4 |
_aGuitarra - Enseñanza. _95712 |
| 650 | 1 | 4 |
_aGuitarra - Métodos autodidácticos. _95713 |
| 700 | 1 |
_aGomez Rodriguez, Diana Esperanza, _etrad. _95714 |
|
| 700 | 1 |
_aMahecha López, Javier R, _eed. _95715 |
|
| 942 | _cBK | ||
| 999 |
_c4155 _d4155 |
||